000 00521nam a2200169Ia 4500
003 GCL
008 140319s9999 xx 000 0 ara d
040 _aGCL /
_cGCL
082 0 4 _a920.71
_bر ع
100 1 _aرجاء النقاش
245 1 0 _aعباقرة ومجانين /
_cرجاء النقاش
260 _aالقاهرة :
_bمركز الاهرام للترجمة والنشر ،
_c1990
300 _a322 ص ؛
_c24 سم
650 0 4 _aالادباء
650 0 4 _aالرجال - تراجم
942 _2ddc
_cBK
999 _c30253
_d30253